00000000nas##2200000za#4500
0019.509588
003CaOODSP
00520200325104133
007ta
008150406c2001||||xxc|| m #||||f|   |0eng|d
040 |aCaOODSP|beng
041 |aeng
041 |afre
043 |an-cn---
0861 |aRH4-9
1101 |aCanada. |bHuman Resources Development Canada.
24510|aInformation on occupational health and safety
260 |aOttawa - Ontario : |bHuman Resources Development Canada
546 |aBilingual
563 |aSoftcover
69007|aLabour standards|2gcpds
69007|aOccupational health|2gcpds
7760#|tRenseignements sur la santé et la sécurité au travail |w(CaOODSP)9.503505
7760#|tInformation on occupational health and safety |w(CaOODSP)9.507112
792 |tRenseignements sur la santé et la sécurité au travail |efre|w(CaOODSP)9.509589